[Event "12. Open de Sants 2010"]
[Site "Barcelona ESP"]
[Date "2010.08.28"]
[Round "9.22"]
[White "Ootes, Lars"]
[Black "Gonzalez Rodriguez, Jorge A"]
[Result "0-1"]
[WhiteElo "2315"]
[BlackElo "2409"]
[PlyCount "79"]
[EventDate "2010.08.20"]
[EventType "swiss"]
[EventRounds "10"]
[EventCountry "ESP"]
[Source "lmi"]
[SourceDate "2010.08.20"]

1. e4 e6 2. d4 d5 3. Nc3 Bb4 4. e5 b6 5. a3 Bf8 6. Nf3 c5 7. h4 Nc6 8. h5 h6 9.
Bd3 a6 10. g3 Bd7 11. Kf1 Nge7 12. Rh4 c4 13. Be2 b5 14. Kg1 Nc8 15. Bf1 Nb6
16. Rf4 Qe7 17. b3 Qd8 18. Nh4 Qc7 19. Qf3 Nd8 20. Bb2 Nc8 21. bxc4 bxc4 22.
Qg4 Ne7 23. a4 Qa5 24. Rf3 Rg8 25. Ba3 Nec6 26. Bxf8 Kxf8 27. Qf4 Rb8 28. Bxc4
Rb4 29. Nxd5 Rxc4 30. Ng6+ Ke8 31. Qxh6 Qxd5 32. Qh7 Ne7 33. Nxe7 Qxf3 34. d5
exd5 35. Qxg8+ Kxe7 36. Qxg7 Bh3 37. Qf6+ Qxf6 38. exf6+ Kxf6 39. Rb1 Rxc2 40.
Rb4 0-1

[Event "12. Open de Sants 2010"]
[Site "Barcelona ESP"]
[Date "2010.08.29"]
[Round "10.1"]
[White "Rodshtein, Maxim"]
[Black "Peralta, Fernando"]
[Result "1/2-1/2"]
[WhiteElo "2609"]
[BlackElo "2570"]
[PlyCount "46"]
[EventDate "2010.08.20"]
[EventType "swiss"]
[EventRounds "10"]
[EventCountry "ESP"]
[Source "lmi"]
[SourceDate "2010.08.20"]

1. d4 d5 2. c4 e6 3. Nf3 Nf6 4. g3 Bb4+ 5. Bd2 Be7 6. Bg2 O-O 7. O-O c6 8. Bf4
dxc4 9. Ne5 Nd5 10. Nxc4 Nxf4 11. gxf4 Qc7 12. e3 Rd8 13. Nc3 Bd7 14. a3 Be8
15. b4 Nd7 16. Qb3 Nb6 17. Ne5 Nd7 18. Rfc1 Rac8 19. a4 Nxe5 20. fxe5 a5 21.
bxa5 Qxa5 22. Ne4 b6 23. Rcb1 Rb8 1/2-1/2

[Event "12. Open de Sants 2010"]
[Site "Barcelona ESP"]
[Date "2010.08.29"]
[Round "10.2"]
[White "Barrientos, Sergio E"]
[Black "Markowski, Tomasz"]
[Result "0-1"]
[WhiteElo "2477"]
[BlackElo "2628"]
[PlyCount "106"]
[EventDate "2010.08.20"]
[EventType "swiss"]
[EventRounds "10"]
[EventCountry "ESP"]
[Source "lmi"]
[SourceDate "2010.08.20"]

1. e4 c5 2. Nf3 g6 3. d4 Bg7 4. Nc3 cxd4 5. Nxd4 Nc6 6. Nb3 Nf6 7. Be2 O-O 8.
O-O d6 9. Re1 a5 10. Bb5 Bg4 11. f3 Be6 12. Be3 d5 13. Nc5 d4 14. Bxc6 dxc3 15.
Bxb7 cxb2 16. Rb1 Rb8 17. Bd4 Bxa2 18. Rxb2 Bc4 19. c3 Nd7 20. Bxg7 Nxc5 21.
Bxf8 Qxf8 22. Qd4 Nd3 23. Qxc4 Nxb2 24. Qb5 Qc8 25. Qxb2 Rxb7 26. Qa3 Qd8 27.
Kf2 Rb5 28. Qa4 Qd3 29. Re2 e5 30. Qa3 Qd8 31. g3 h5 32. Kg2 Qd1 33. Rf2 Rb1
34. Kh3 Qg1 35. Qa2 Rf1 36. Rg2 Qe3 37. Qe2 Rxf3 38. Qxe3 Rxe3 39. Ra2 Rxe4 40.
Rxa5 Re2 41. g4 hxg4+ 42. Kxg4 Kg7 43. h3 Re3 44. Rc5 Kh6 45. Rc6 f5+ 46. Kh4
Re4+ 47. Kg3 Kg5 48. Kf2 Rf4+ 49. Kg3 Ra4 50. Rc8 f4+ 51. Kg2 e4 52. Rf8 Ra2+
53. Kg1 Rc2 0-1

[Event "12. Open de Sants 2010"]
[Site "Barcelona ESP"]
[Date "2010.08.29"]
[Round "10.3"]
[White "Gerzhoy, Leonid"]
[Black "Fier, Alexandr"]
[Result "1/2-1/2"]
[WhiteElo "2471"]
[BlackElo "2570"]
[PlyCount "79"]
[EventDate "2010.08.20"]
[EventType "swiss"]
[EventRounds "10"]
[EventCountry "ESP"]
[Source "lmi"]
[SourceDate "2010.08.20"]

1. Nf3 Nf6 2. c4 g6 3. g3 Bg7 4. Bg2 O-O 5. O-O d6 6. d4 Nbd7 7. Nc3 e5 8. e4
a6 9. Be3 Ng4 10. Bg5 f6 11. Bc1 Rb8 12. h3 Nh6 13. Be3 b5 14. c5 dxc5 15. dxc5
c6 16. b4 Nf7 17. a4 Qc7 18. axb5 axb5 19. Qb3 Re8 20. Rfd1 Nf8 21. Nd5 cxd5
22. exd5 Bf5 23. Nh4 e4 24. Nxf5 gxf5 25. Bf4 Ne5 26. d6+ Qf7 27. Qxf7+ Kxf7
28. Ra7+ Kg6 29. Bxe5 fxe5 30. c6 Bf6 31. d7 Nxd7 32. cxd7 Red8 33. g4 Rb6 34.
gxf5+ Kxf5 35. Re1 Rd6 36. Bxe4+ Kf4 37. Bxh7 R6xd7 38. Rxd7 Rxd7 39. Re4+ Kf3
40. Re3+ 1/2-1/2

[Event "12. Open de Sants 2010"]
[Site "Barcelona ESP"]
[Date "2010.08.29"]
[Round "10.4"]
[White "Perez Mitjans, Orelvis"]
[Black "Martinez Duany, Lelys Stanley"]
[Result "1-0"]
[WhiteElo "2424"]
[BlackElo "2510"]
[PlyCount "171"]
[EventDate "2010.08.20"]
[EventType "swiss"]
[EventRounds "10"]
[EventCountry "ESP"]
[Source "lmi"]
[SourceDate "2010.08.20"]

1. e4 c6 2. Nc3 d5 3. Nf3 Bg4 4. h3 Bxf3 5. Qxf3 e6 6. a3 Nf6 7. d3 Nbd7 8. g3
Qa5 9. Bd2 Qb6 10. b3 Bd6 11. Bg2 Be5 12. O-O O-O 13. Qe2 Rad8 14. Kh1 dxe4 15.
dxe4 Nc5 16. f4 Bd4 17. e5 Ne8 18. Rad1 Nc7 19. Nb1 Nd7 20. c3 Bc5 21. b4 Be7
22. Be3 c5 23. c4 a5 24. b5 f6 25. exf6 Bxf6 26. Qf3 Bd4 27. Nd2 Ne5 28. Qe4
Nf7 29. Qd3 a4 30. Rc1 Rd7 31. Nf3 Rd6 32. Bxd4 Rxd4 33. Qe3 Rdd8 34. Rcd1 Nd6
35. Ne5 Nce8 36. g4 Qc7 37. Nd3 Nxc4 38. Qxe6+ Qf7 39. Nxc5 Rxd1 40. Rxd1 Nc7
41. Qxf7+ Rxf7 42. Rd4 Nb6 43. Nxa4 Ne6 44. Rb4 Nxa4 45. Rxa4 Rd7 46. b6 Kf7
47. Rc4 Rd6 48. f5 Nd8 49. Rb4 Ke7 50. a4 Rd2 51. a5 Ra2 52. Rb5 Kd6 53. Rd5+
Ke7 54. Rc5 Kf6 55. Rc8 Nf7 56. Bxb7 Rxa5 57. Bc6 Nd6 58. b7 Nxb7 59. Bxb7 h5
60. Rc6+ Kg5 61. Rg6+ Kh4 62. Kh2 Rxf5 63. Rxg7 hxg4 64. Rxg4+ Kh5 65. Kg3 Kh6
66. Be4 Rf6 67. Rh4+ Kg7 68. Rh7+ Kg8 69. Ra7 Kh8 70. h4 Rf1 71. h5 Rg1+ 72.
Kf4 Rg7 73. Ra6 Rf7+ 74. Kg5 Rg7+ 75. Bg6 Rg8 76. Kh6 Rg7 77. Kg5 Rg8 78. Re6
Rg7 79. Kf6 Rg8 80. Bf7 Ra8 81. Re7 Rf8 82. Kg6 Rb8 83. Kf6 Ra8 84. Kg6 Rb8 85.
Kf6 Kh7 86. Bd5+ 1-0

[Event "12. Open de Sants 2010"]
[Site "Barcelona ESP"]
[Date "2010.08.29"]
[Round "10.7"]
[White "Anikaev, Yuri N"]
[Black "Parligras, Mircea"]
[Result "1/2-1/2"]
[WhiteElo "2411"]
[BlackElo "2574"]
[PlyCount "64"]
[EventDate "2010.08.20"]
[EventType "swiss"]
[EventRounds "10"]
[EventCountry "ESP"]
[Source "lmi"]
[SourceDate "2010.08.20"]

1. d4 Nf6 2. c4 e6 3. Nf3 b6 4. Nc3 Bb7 5. a3 d5 6. Bg5 Be7 7. Bxf6 Bxf6 8.
cxd5 exd5 9. g3 O-O 10. Bg2 Re8 11. O-O Nc6 12. e3 Ne7 13. Qb3 c6 14. e4 dxe4
15. Nxe4 Nf5 16. Nxf6+ Qxf6 17. Qc3 Red8 18. Rad1 Rd6 19. Rd2 Re8 20. Rfd1 h6
21. h4 Ba6 22. d5 c5 23. Bh3 Qxc3 24. bxc3 Ne7 25. Ne5 Red8 26. c4 Kf8 27. Bf1
Bc8 28. Bd3 f6 29. Ng6+ Nxg6 30. Bxg6 Bg4 31. Re1 f5 32. h5 b5 1/2-1/2

[Event "12. Open de Sants 2010"]
[Site "Barcelona ESP"]
[Date "2010.08.29"]
[Round "10.8"]
[White "Narciso Dublan, Marc"]
[Black "Panelo, Marcelo"]
[Result "1/2-1/2"]
[WhiteElo "2540"]
[BlackElo "2450"]
[PlyCount "102"]
[EventDate "2010.08.20"]
[EventType "swiss"]
[EventRounds "10"]
[EventCountry "ESP"]
[Source "lmi"]
[SourceDate "2010.08.20"]

1. c4 e6 2. Nf3 d5 3. b3 Nf6 4. g3 Be7 5. Bg2 O-O 6. O-O d4 7. e3 c5 8. exd4
cxd4 9. Re1 Nc6 10. a3 a5 11. d3 h6 12. Nbd2 Qc7 13. Qe2 Nd7 14. Rb1 Re8 15. h4
e5 16. Nh2 Bf8 17. g4 Qd8 18. h5 Nc5 19. Ne4 Nxe4 20. Bxe4 Be7 21. Qf3 Bd7 22.
Qg3 Bh4 23. Qg2 Bg5 24. Nf3 Bxc1 25. Rbxc1 f5 26. gxf5 Rf8 27. Bd5+ Kh8 28.
Nxe5 Nxe5 29. Rxe5 Bxf5 30. Rce1 Qf6 31. Re7 Rab8 32. Qg3 b6 33. f4 Rbd8 34.
R1e5 Rd6 35. Re8 Rd8 36. Rxd8 Qxd8 37. Qf2 Bxd3 38. Qxd4 Bf5 39. Qe3 Qh4 40.
Re8 Qg4+ 41. Kf2 Qh4+ 42. Kg1 Qg4+ 43. Bg2 Rxe8 44. Qxe8+ Kh7 45. Qe3 Qd1+ 46.
Kf2 Qxh5 47. Qxb6 Qh4+ 48. Kg1 Qxf4 49. Qxa5 Qd4+ 50. Kh2 Qd6+ 51. Kg1 Qd4+
1/2-1/2

[Event "12. Open de Sants 2010"]
[Site "Barcelona ESP"]
[Date "2010.08.29"]
[Round "10.9"]
[White "Bhat, Vinay S"]
[Black "Karlsson, Lars"]
[Result "1-0"]
[WhiteElo "2536"]
[BlackElo "2449"]
[PlyCount "145"]
[EventDate "2010.08.20"]
[EventType "swiss"]
[EventRounds "10"]
[EventCountry "ESP"]
[Source "lmi"]
[SourceDate "2010.08.20"]

1. d4 f5 2. Nc3 d5 3. Bf4 c6 4. e3 Nf6 5. Bd3 e6 6. Nf3 Bd6 7. O-O O-O 8. Ne2
b6 9. c4 Ne4 10. Qb3 a5 11. a3 a4 12. Qc2 Bb7 13. Nc3 Nxc3 14. bxc3 c5 15. Ng5
Rf6 16. dxc5 Bxc5 17. Rfd1 Qf8 18. Qb2 Rg6 19. cxd5 Bxd5 20. c4 Bc6 21. Be2 Qe7
22. Nf3 Nd7 23. Bg3 e5 24. Rxd7 Bxd7 25. Nxe5 Rh6 26. Bf3 Rf8 27. Rd1 Be6 28.
Nc6 Qf6 29. Be5 Qh4 30. Bg3 Qxc4 31. Nd8 Qb3 32. Qa1 Kh8 33. Be5 Rg6 34. Bh5
Qxa3 35. Bxg6 Qxa1 36. Bxa1 Bb3 37. Rd7 hxg6 38. Rxg7 Rxd8 39. Rd7+ Kg8 40.
Rxd8+ Kf7 41. Rd7+ Ke8 42. Ra7 b5 43. Ra6 Bf7 44. Bd4 Bxd4 45. exd4 Kd7 46.
Ra7+ Ke6 47. Kf1 Be8 48. Ke2 Bc6 49. Kd3 b4 50. Kc4 b3 51. Ra6 Kd7 52. Kc3 Kc7
53. d5 Bxd5 54. Rxa4 Bxg2 55. f4 Kd6 56. Kxb3 Ke6 57. Kc3 Kf6 58. Ra7 Bf1 59.
Kd4 g5 60. Ra1 Be2 61. Ra2 Bf1 62. Ra1 Be2 63. Ke3 Bc4 64. Ra4 Bf1 65. Kf2 Bd3
66. Rd4 Be4 67. Rd6+ Ke7 68. Rg6 gxf4 69. h4 Bd5 70. h5 Bf7 71. Rg7 Kf8 72. h6
Bh5 73. Rg5 1-0

[Event "12. Open de Sants 2010"]
[Site "Barcelona ESP"]
[Date "2010.08.29"]
[Round "10.10"]
[White "Vidarte Morales, Arturo"]
[Black "Cabrera, Alexis"]
[Result "0-1"]
[WhiteElo "2409"]
[BlackElo "2533"]
[PlyCount "116"]
[EventDate "2010.08.20"]
[EventType "swiss"]
[EventRounds "10"]
[EventCountry "ESP"]
[Source "lmi"]
[SourceDate "2010.08.20"]

1. d4 Nf6 2. c4 g6 3. Nc3 d5 4. Nf3 Bg7 5. Bg5 Ne4 6. cxd5 Nxg5 7. Nxg5 e6 8.
Qd2 exd5 9. Qe3+ Kf8 10. Qf4 Bf6 11. h4 h6 12. Nf3 Kg7 13. O-O-O c5 14. e3 Nc6
15. dxc5 Bxc3 16. bxc3 Qa5 17. Kb2 Re8 18. Bd3 b6 19. Nd4 bxc5 20. Nxc6 Qb6+
21. Nb4 a5 22. a3 axb4 23. axb4 Ba6 24. Bc2 d4 25. Kc1 Be2 26. bxc5 Qa5 27.
Qxd4+ Kg8 28. Qb4 Qa1+ 29. Kd2 Bxd1 30. Rxd1 Red8+ 31. Ke1 Rxd1+ 32. Bxd1 Rd8
33. Qb3 Rd3 34. c6 Rxc3 35. Qd5 Rc1 36. Ke2 Qa6+ 37. Kf3 Rxc6 38. Bb3 Rf6+ 39.
Kg3 Qe2 40. Qd8+ Kg7 41. Qd4 Qxf2+ 42. Kh2 Kh7 43. Bd5 Rf5 44. Kh3 Qf1 45. Be4
Qh1+ 46. Kg3 Qe1+ 47. Kh3 Rf1 48. g3 h5 49. Qd5 Qe2 50. Bg2 Rf2 51. Qe4 Qg4+
52. Qxg4 hxg4+ 53. Kh2 f5 54. Kg1 Re2 55. e4 fxe4 56. Bf1 Re3 57. Kg2 Rf3 58.
Bc4 e3 0-1

[Event "12. Open de Sants 2010"]
[Site "Barcelona ESP"]
[Date "2010.08.29"]
[Round "10.11"]
[White "Cuartas, Jaime Alexander"]
[Black "Gonzalez Rodriguez, Jorge A"]
[Result "1-0"]
[WhiteElo "2529"]
[BlackElo "2409"]
[PlyCount "101"]
[EventDate "2010.08.20"]
[EventType "swiss"]
[EventRounds "10"]
[EventCountry "ESP"]
[Source "lmi"]
[SourceDate "2010.08.20"]

1. e4 e6 2. d4 d5 3. Nc3 Bb4 4. e5 b6 5. Bd2 Bxc3 6. Bxc3 a5 7. Qg4 g6 8. h4 h5
9. Qf4 Nh6 10. Nf3 Ba6 11. Bxa6 Nxa6 12. O-O Nf5 13. Bd2 c5 14. c3 Nb8 15. Qh2
Qd7 16. b3 Nc6 17. Bg5 Qa7 18. Bf6 Rf8 19. Ng5 Kd7 20. dxc5 bxc5 21. Rfd1 a4
22. Rab1 axb3 23. axb3 Kc7 24. Qf4 Qa2 25. Qc1 c4 26. Rd2 Qa6 27. Rdb2 Na5 28.
bxc4 Nxc4 29. Rb4 Ra7 30. g3 Qa2 31. Qf4 Qe2 32. Be7 Rfa8 33. Bc5 Ra1 34. Qc1
R1a2 35. Qf4 Rd2 36. Qf3 Qd3 37. Bd4 Kc6 38. Qxd3 Rxd3 39. Nxf7 Nxd4 40. cxd4
Rxd4 41. Ng5 Re8 42. Ra4 Kc5 43. Ra6 Nd2 44. Rxe6 Nxb1 45. Rxe8 Rb4 46. Ne6+
Kc4 47. Nf4 Nc3 48. e6 Rb1+ 49. Kg2 Re1 50. e7 Kd4 51. Rc8 1-0

[Event "12. Open de Sants 2010"]
[Site "Barcelona ESP"]
[Date "2010.08.29"]
[Round "10.12"]
[White "Cori Tello, Deysi"]
[Black "Reinaldo Castineira, Roi"]
[Result "0-1"]
[WhiteElo "2403"]
[BlackElo "2511"]
[PlyCount "86"]
[EventDate "2010.08.20"]
[EventType "swiss"]
[EventRounds "10"]
[EventCountry "ESP"]
[Source "lmi"]
[SourceDate "2010.08.20"]

1. d4 e6 2. Nf3 c5 3. e3 b6 4. Bd3 Bb7 5. O-O g6 6. dxc5 bxc5 7. e4 Bg7 8. Re1
Ne7 9. Nc3 O-O 10. e5 d5 11. exd6 Qxd6 12. Nb5 Qb6 13. Bf4 Nd5 14. Bg3 Bc6 15.
c4 Bxb5 16. cxb5 Bxb2 17. Nd2 Bxa1 18. Qxa1 Nd7 19. a4 Qa5 20. Nc4 Qc3 21. Qxc3
Nxc3 22. Ra1 Nb6 23. a5 Nxc4 24. Bxc4 Rfd8 25. Be5 Nd5 26. h3 f6 27. Bg3 Kf7
28. Rb1 Ke7 29. Rd1 g5 30. Kh2 Nf4 31. Rc1 e5 32. f3 Rd2 33. Bf1 Ne6 34. Be1
Rdd8 35. Bc4 Nd4 36. Bf1 Rdc8 37. Bd3 Rab8 38. Bf2 Kd6 39. Rd1 h6 40. Bc4 Ke7
41. Rb1 Rc7 42. a6 Rc6 43. Rc1 Rcb6 0-1

[Event "12. Open de Sants 2010"]
[Site "Barcelona ESP"]
[Date "2010.08.29"]
[Round "10.13"]
[White "Colon Garcia, Enrique"]
[Black "Khmelniker, Ilya"]
[Result "0-1"]
[WhiteElo "2314"]
[BlackElo "2483"]
[PlyCount "96"]
[EventDate "2010.08.20"]
[EventType "swiss"]
[EventRounds "10"]
[EventCountry "ESP"]
[Source "lmi"]
[SourceDate "2010.08.20"]

1. e4 e5 2. Nf3 Nc6 3. Bb5 a6 4. Ba4 Nf6 5. d3 d6 6. c3 g6 7. O-O Bg7 8. Nbd2
O-O 9. Re1 Nd7 10. Nf1 Nc5 11. Bxc6 bxc6 12. d4 exd4 13. cxd4 Ne6 14. Ng3 c5
15. d5 Nd4 16. Nxd4 Bxd4 17. Rb1 h5 18. Be3 Bg7 19. Qd2 h4 20. Ne2 h3 21. b4
Qh4 22. Ng3 c4 23. Bd4 hxg2 24. Bxg7 Kxg7 25. Qc3+ f6 26. Ne2 Qxe4 27. Rbd1 Rf7
28. Nd4 Qxd5 29. Ne6+ Bxe6 30. Rxd5 Bxd5 31. Qd4 c6 32. Qf4 Rd8 33. Re3 g5 34.
Qf5 Rb8 35. a3 Rh8 36. f4 Rh6 37. Re8 Rh8 38. Re3 Rh6 39. Re8 Rh8 40. Re3 Rh6
41. Re8 gxf4 42. Qc8 f5 43. Qd8 Rff6 44. Re7+ Rf7 45. Re8 Rff6 46. Re7+ Bf7 47.
Kxg2 c3 48. Qd7 Kg6 0-1

[Event "12. Open de Sants 2010"]
[Site "Barcelona ESP"]
[Date "2010.08.29"]
[Round "10.14"]
[White "Zoler, Dan"]
[Black "Sidorenko, Ilya"]
[Result "0-1"]
[WhiteElo "2474"]
[BlackElo "2409"]
[PlyCount "54"]
[EventDate "2010.08.20"]
[EventType "swiss"]
[EventRounds "10"]
[EventCountry "ESP"]
[Source "lmi"]
[SourceDate "2010.08.20"]

1. d4 Nf6 2. c4 g6 3. Nc3 d5 4. cxd5 Nxd5 5. e4 Nxc3 6. bxc3 Bg7 7. Bc4 c5 8.
Ne2 O-O 9. O-O Nc6 10. Be3 Bg4 11. f3 Bd7 12. Rb1 Rc8 13. Bd3 Qc7 14. Qd2 Rfd8
15. d5 Ne5 16. c4 e6 17. Nf4 b6 18. Be2 Ba4 19. Qc1 Qd7 20. g3 Re8 21. Kg2 exd5
22. Nxd5 Nc6 23. Bd1 Nd4 24. Bxa4 Qxa4 25. Bf2 Re6 26. Nf4 Ree8 27. Nd5 h5 0-1

[Event "12. Open de Sants 2010"]
[Site "Barcelona ESP"]
[Date "2010.08.29"]
[Round "10.16"]
[White "Mamedov, Nidjat"]
[Black "Bukal, Vladimir Jr"]
[Result "1-0"]
[WhiteElo "2604"]
[BlackElo "2381"]
[PlyCount "59"]
[EventDate "2010.08.20"]
[EventType "swiss"]
[EventRounds "10"]
[EventCountry "ESP"]
[Source "lmi"]
[SourceDate "2010.08.20"]

1. e4 g6 2. d4 d6 3. Nc3 a6 4. f4 Bg7 5. Nf3 b5 6. Bd3 Nd7 7. e5 Nb6 8. a4 c6
9. a5 Nd5 10. Nxd5 cxd5 11. Bd2 Nh6 12. Bb4 f6 13. exd6 exd6 14. O-O O-O 15.
Re1 f5 16. c3 Ng4 17. Bc2 h6 18. Bb3 Nf6 19. Nh4 Kh7 20. Qf3 Ne4 21. Bxd5 Ra7
22. g3 Bb7 23. Bxb7 Rxb7 24. Nxg6 Re8 25. Nh4 Qf6 26. Qh5 Rf7 27. d5 Qe7 28.
Re2 Kg8 29. Rae1 Ref8 30. Qf3 1-0

[Event "12. Open de Sants 2010"]
[Site "Barcelona ESP"]
[Date "2010.08.29"]
[Round "10.17"]
[White "Bluvshtein, Mark"]
[Black "Lanzani, Mario"]
[Result "1-0"]
[WhiteElo "2583"]
[BlackElo "2362"]
[PlyCount "75"]
[EventDate "2010.08.20"]
[EventType "swiss"]
[EventRounds "10"]
[EventCountry "ESP"]
[Source "lmi"]
[SourceDate "2010.08.20"]

1. d4 d5 2. c4 dxc4 3. e4 Nc6 4. Nf3 Bg4 5. d5 Ne5 6. Bf4 Bxf3 7. gxf3 Ng6 8.
Be3 e5 9. Bxc4 a6 10. Qb3 b5 11. Be2 Bd6 12. a4 b4 13. Nd2 Nf6 14. Nc4 O-O 15.
Nxd6 cxd6 16. Qxb4 Nh5 17. Rc1 Nhf4 18. Rc6 Qg5 19. Rf1 Qg2 20. Bxf4 Nxf4 21.
Qxd6 Qxh2 22. Rxa6 Rad8 23. Qe7 h6 24. Bb5 Qg2 25. Qxe5 Qxf3 26. Rg1 f6 27. Qe7
Ng2+ 28. Rxg2 Qxg2 29. Qe6+ Kh8 30. d6 Qg1+ 31. Ke2 Qb1 32. d7 Qxb2+ 33. Kf3
Qc3+ 34. Kg2 Qd2 35. Qd5 Qf4 36. Re6 Qg4+ 37. Kf1 Qh3+ 38. Ke1 1-0

[Event "12. Open de Sants 2010"]
[Site "Barcelona ESP"]
[Date "2010.08.29"]
[Round "10.18"]
[White "Sowray, Peter J"]
[Black "Aroshidze, Levan"]
[Result "0-1"]
[WhiteElo "2383"]
[BlackElo "2548"]
[PlyCount "62"]
[EventDate "2010.08.20"]
[EventType "swiss"]
[EventRounds "10"]
[EventCountry "ESP"]
[Source "lmi"]
[SourceDate "2010.08.20"]

1. d4 Nf6 2. c4 c5 3. d5 g6 4. Nc3 Bg7 5. e4 d6 6. Bd3 O-O 7. Nge2 e6 8. O-O
exd5 9. cxd5 a6 10. a4 Nbd7 11. Ng3 Rb8 12. f4 Qc7 13. Be3 Re8 14. Qf3 c4 15.
Bc2 Nc5 16. h3 b5 17. axb5 axb5 18. e5 dxe5 19. fxe5 Rxe5 20. Bf4 Nfd7 21. Nce4
f5 22. Ng5 Bb7 23. Rad1 h6 24. Bxe5 Nxe5 25. Qe3 hxg5 26. Qxg5 Ncd3 27. h4 Qc5+
28. Kh1 Qxd5 29. Nxf5 gxf5 30. Rxf5 Qe4 31. Rdf1 Ng4 0-1